Geology and mineral deposits of Mineral County, Nevada, (Record no. 29610)

MARC details
000 -LEADER
fixed length control field 00938cam a22002651 4500
001 - CONTROL NUMBER
control field gs 62000168
003 - CONTROL NUMBER IDENTIFIER
control field DLC
005 - DATE AND TIME OF LATEST TRANSACTION
control field 20260227111411.0
008 - FIXED-LENGTH DATA ELEMENTS--GENERAL INFORMATION
fixed length control field 750730s1961 xx 000 0 eng
010 ## - LIBRARY OF CONGRESS CONTROL NUMBER
LC control number gs 62000168
035 ## - SYSTEM CONTROL NUMBER
System control number (OCoLC)1489425
040 ## - CATALOGING SOURCE
Original cataloging agency DLC
Transcribing agency OAU
Modifying agency DLC
042 ## - AUTHENTICATION CODE
Authentication code premarc
050 00 - LIBRARY OF CONGRESS CALL NUMBER
Classification number QE138.M5
Item number R6
100 1# - MAIN ENTRY--PERSONAL NAME
Personal name Ross, Donald Clarence,
Dates associated with a name 1924-
245 10 - TITLE STATEMENT
Title Geology and mineral deposits of Mineral County, Nevada,
Statement of responsibility, etc. by Donald C. Ross.
260 ## - PUBLICATION, DISTRIBUTION, ETC.
Place of publication, distribution, etc. Reno,
Name of publisher, distributor, etc. University of Nevada,
Date of publication, distribution, etc. 1961.
300 ## - PHYSICAL DESCRIPTION
Extent vii, 98 p., ix-xiv p.
Other physical details illus., maps (2 col.)
Dimensions 23 cm.
410 20 - SERIES STATEMENT/ADDED ENTRY--CORPORATE NAME [OBSOLETE, CAN/MARC], [LOCAL, USA]
Corporate name or jurisdiction name as entry element Nevada Bureau of Mines.
Title of a work Bulletin
Volume number/sequential designation 58
500 ## - GENERAL NOTE
General note Part of illustrative matter fold. in pocket.
500 ## - GENERAL NOTE
General note "Prepared in cooperation with the United States Geological Survey."
504 ## - BIBLIOGRAPHY, ETC. NOTE
Bibliography, etc. note Bibliography: p. 86-89.
650 #0 - SUBJECT ADDED ENTRY--TOPICAL TERM
Topical term or geographic name entry element Geology
Geographic subdivision Nevada
-- Mineral County.
650 #0 - SUBJECT ADDED ENTRY--TOPICAL TERM
Topical term or geographic name entry element Mines and mineral resources
Geographic subdivision Nevada
-- Mineral County.

No items available.

Powered by Koha